000 00286nam a22001217a 4500
082 _a306.0954 CCA
100 _aCCA ASIA MISSION CONFERENCE
245 _aTurn Around
260 _akorea
_bCCA ASIA MISSION CONFERENCE
_c1995
300 _a198
650 _aPluralisim - Asia
942 _cBK
999 _c20257
_d20257